[Event "SuperUnited Blitz Croatia"]
[Site "Zagreb CRO"]
[Date "2023.07.08"]
[Round "9.5"]
[White "Ian Nepomniachtchi"]
[Black "Dommaraju Gukesh"]
[Result "1-0"]
[EventDate "2023.07.08"]
[WhiteElo "2779"]
[BlackElo "2744"]
[PlyCount "54"]

1. e4 e5 2. f4 d5 3. exd5 exf4 4. Nf3 Nf6 5. Bb5+ Bd7 6. Bxd7+ Nbxd7 7. O-O Nxd5 8. c4 N5f6 9. d4 Be7 10. Bxf4 O-O 11. Nc3 c6 12. Qb3 Nb6 13. Rad1 a5 14. a4 Re8 15. Ne5 Ra7 16. Kh1 Rf8 17. d5 cxd5 18. cxd5 Nc8 19. Nc4 Bb4 20. Nb5 Ra6 21. d6 Nd7 22. Ne5 Nc5 23. Qd5 Ne6 24. Nxf7 Rxf7 25. Qxe6 Qd7 26. Qb3 Kf8 27. Be5 1-0

[Event "11th Norway Chess"]
[Site "Stavanger NOR"]
[Date "2023.06.09"]
[Round "9"]
[White "Wesley So"]
[Black "Dommaraju Gukesh"]
[Result "1/2-1/2"]
[EventDate "2023.05.28"]
[WhiteElo "2760"]
[BlackElo "2732"]
[PlyCount "62"]

1. d4 Nf6 2. c4 e6 3. Nf3 d5 4. Nc3 Be7 5. Bf4 O-O 6. e3 c5 7. dxc5 Nc6 8. cxd5 Nxd5 9. Nxd5 exd5 10. Bd3 Qa5+ 11. Qd2 Qxd2+ 12. Kxd2 Bxc5 13. Rac1 Be7 14. Bb5 Bd7 15. Rhd1 Rac8 16. Ke1 Bf6 17. Rd2 h6 18. Bxc6 Rxc6 19. Rxc6 Bxc6 20. Ne5 Bxe5 21. Bxe5 d4 22. Rxd4 Re8 23. Bf4 g5 24. Bc7 Bxg2 25. h4 Bf3 26. hxg5 hxg5 27. Rd8 Rxd8 28. Bxd8 g4 29. Kd2 f5 30. a4 Kf7 31. Kc3 1/2-1/2

[Event "11th Norway Chess"]
[Site "Stavanger NOR"]
[Date "2023.06.09"]
[Round "9.2"]
[White "Wesley So"]
[Black "Dommaraju Gukesh"]
[Result "1/2-1/2"]
[EventDate "2023.05.30"]
[WhiteElo "2760"]
[BlackElo "2732"]
[PlyCount "112"]

1. e4 e5 2. Nf3 Nc6 3. Bb5 Nf6 4. d3 Bc5 5. Bxc6 dxc6 6. Bg5 h6 7. Bh4 Bg4 8. h3 Bxf3 9. Qxf3 Be7 10. Nd2 Nxe4 11. Qxe4 Bxh4 12. Qxe5+ Qe7 13. Qxe7+ Bxe7 14. O-O-O O-O-O 15. Nf3 Bd6 16. c3 Rde8 17. Rhe1 Kd7 18. d4 Rxe1 19. Rxe1 Re8 20. Rxe8 Kxe8 21. Kd2 c5 22. Kd3 cxd4 23. Nxd4 Kd7 24. g4 g6 25. f3 c5 26. Nb3 b5 27. c4 b4 28. a3 bxa3 29. bxa3 Ke6 30. Na5 Bc7 31. Nb3 Bd6 32. Ke3 f5 33. Na5 Bc7 34. Nb3 Bd6 35. a4 a6 36. Na5 Kd7 37. Nb7 Be7 38. Na5 Bd6 39. Nb3 Ke6 40. Nc1 Kd7 41. Ne2 Kc6 42. gxf5 gxf5 43. f4 Kb6 44. Ng3 Ka5 45. Nxf5 Bf8 46. Kd3 Kxa4 47. Kc3 a5 48. Ne3 Bg7+ 49. Kc2 Kb4 50. f5 a4 51. f6 Bxf6 52. Nd5+ Kxc4 53. Nxf6 Kd4 54. h4 Ke5 55. Ng4+ Kf4 56. Nxh6 Kg3 1/2-1/2

[Event "11th Norway Chess"]
[Site "Stavanger NOR"]
[Date "2023.06.06"]
[Round "7.3"]
[White "Fabiano Caruana"]
[Black "Dommaraju Gukesh"]
[Result "1/2-1/2"]
[EventDate "2023.05.30"]
[WhiteElo "2764"]
[BlackElo "2732"]
[PlyCount "72"]

1. e4 e5 2. Nf3 Nc6 3. Bb5 Nf6 4. d3 Bc5 5. Bxc6 dxc6 6. Nbd2 Be6 7. O-O Qd6 8. Kh1 h6 9. a3 Nd7 10. b4 Bb6 11. Qe1 a5 12. Bb2 O-O 13. Bc3 axb4 14. axb4 Bd4 15. Bxd4 exd4 16. Qb1 b6 17. Qb2 c5 18. bxc5 bxc5 19. c3 dxc3 20. Qxc3 Nb6 21. h3 Rfd8 22. Rxa8 Rxa8 23. Rc1 Rd8 24. Qxc5 Qxd3 25. Kg1 Rc8 26. Qd4 Qxd4 27. Nxd4 c5 28. Nxe6 fxe6 29. Rb1 Rc6 30. Nf3 c4 31. Ne5 Rc5 32. f4 Nc8 33. Kf2 c3 34. Nd3 c2 35. Rc1 Rc4 36. Ne1 Rxe4 1/2-1/2

[Event "11th Norway Chess"]
[Site "Stavanger NOR"]
[Date "2023.06.06"]
[Round "7.3"]
[White "Fabiano Caruana"]
[Black "Dommaraju Gukesh"]
[Result "0-1"]
[EventDate "2023.05.30"]
[WhiteElo "2764"]
[BlackElo "2732"]
[PlyCount "142"]

1. e4 e5 2. Nf3 Nc6 3. Bb5 Nf6 4. d3 Bc5 5. Bxc6 dxc6 6. Nbd2 Be6 7. h3 Nd7 8. Nb3 Be7 9. Na5 Qc8 10. b3 O-O 11. O-O c5 12. a4 b6 13. Nc4 f6 14. Nh4 Rd8 15. Qf3 Nb8 16. Qg3 Nc6 17. f4 Nd4 18. Rf2 Kh8 19. fxe5 Bxc4 20. bxc4 fxe5 21. Nf5 Bf6 22. Bg5 Bxg5 23. Qxg5 Qd7 24. Raf1 Rf8 25. Kh2 Ne6 26. Qg3 Nf4 27. Qg4 Rf6 28. Ne3 Qd4 29. Nf5 Qd7 30. g3 Ne6 31. Ne3 Raf8 32. Rxf6 Rxf6 33. Rxf6 gxf6 34. h4 Qf7 35. Kg2 c6 36. Kf2 Qg8 37. Qf5 Qf7 38. h5 h6 39. Qg4 Kh7 40. Nf5 Ng7 41. Nxg7 Qxg7 42. Qf5+ Kh8 43. Qc8+ Kh7 44. Qxc6 Qe7 45. Kf3 Kg7 46. Qc8 Qf7 47. Kg4 Kh7 48. Kh4 Kg7 49. Kg4 Kh7 50. Qf5+ Kg7 51. Kf3 Qe8 52. Ke3 Qf7 53. g4 Qe8 54. Kd2 Qf7 55. Qc8 Qe7 56. Kc3 Qf7 57. Kb3 Qe7 58. Qf5 Qe8 59. Ka3 a5 60. Kb3 Qf7 61. Qc8 Qe7 62. Qc6 Qd8 63. Qe6 Qd4 64. Qe7+ Kg8 65. Qxf6 Qa1 66. Qg6+ Kf8 67. Qxh6+ Kg8 68. Qg6+ Kh8 69. Qf6+ Kg8 70. Qg5+ Kh8 71. Qd8+ 0-1

[Event "11th Norway Chess"]
[Site "Stavanger NOR"]
[Date "2023.06.05"]
[Round "6.2"]
[White "Dommaraju Gukesh"]
[Black "Anish Giri"]
[Result "1/2-1/2"]
[EventDate "2023.05.30"]
[WhiteElo "2732"]
[BlackElo "2768"]
[PlyCount "116"]

1. d4 d5 2. c4 c6 3. Nf3 Nf6 4. e3 Bf5 5. Nc3 e6 6. Nh4 Be4 7. f3 Bg6 8. Bd2 Be7 9. Qb3 Qc7 10. O-O-O dxc4 11. Qxc4 a6 12. Nxg6 hxg6 13. Kb1 b5 14. Qe2 c5 15. dxc5 Nbd7 16. Rc1 Ne5 17. f4 Nc4 18. Be1 Bxc5 19. Qf3 O-O 20. Bxc4 bxc4 21. Ne4 Be7 22. Nd2 Qd7 23. Nxc4 Qd3+ 24. Rc2 Rac8 25. e4 Qxe4 26. Qxe4 Nxe4 27. Ba5 g5 28. fxg5 Bxg5 29. Rd1 f5 30. Nd6 Rxc2 31. Kxc2 Nf6 32. Re1 Nd5 33. g3 f4 34. gxf4 Bxf4 35. Rxe6 Rf6 36. Rxf6 Nxf6 37. Nb7 Bxh2 38. Nc5 g5 39. Nxa6 g4 40. Kd3 Be5 41. b3 Kf7 42. Bb6 g3 43. Bg1 Bd6 44. Nc5 Bxc5 45. Bxc5 g2 46. b4 Ke6 47. Kc4 Kd7 48. a4 Ne4 49. Be3 Kc6 50. b5+ Kb7 51. Kd3 Ng5 52. a5 Nh3 53. a6+ Kb8 54. b6 g1=Q 55. Bxg1 Nxg1 56. Ke4 Nh3 57. Kd5 Nf4+ 58. Kd6 Nd3 1/2-1/2

[Event "11th Norway Chess"]
[Site "Stavanger NOR"]
[Date "2023.06.05"]
[Round "6.2"]
[White "Dommaraju Gukesh"]
[Black "Anish Giri"]
[Result "1-0"]
[EventDate "2023.05.30"]
[WhiteElo "2732"]
[BlackElo "2768"]
[PlyCount "96"]

1. e4 c5 2. Nf3 d6 3. d4 cxd4 4. Nxd4 Nf6 5. Nc3 a6 6. Be2 e5 7. Nb3 Be7 8. Be3 Be6 9. Nd5 Nbd7 10. Qd3 O-O 11. a4 Bxd5 12. exd5 Nc5 13. Nxc5 dxc5 14. c4 e4 15. Qd2 Bd6 16. a5 Qc7 17. h4 Nd7 18. g4 Rae8 19. h5 Ne5 20. Kd1 f5 21. gxf5 Rxf5 22. Kc2 Rb8 23. Rh4 b5 24. cxb5 axb5 25. Rxe4 c4 26. a6 Nd3 27. a7 Ra8 28. Bg4 Re5 29. Be6+ Kh8 30. Rxe5 Bxe5 31. Qa5 Qe7 32. Qxb5 h6 33. Qxc4 Nb4+ 34. Kd2 Bd6 35. Ke2 Qe8 36. Rh1 Qf8 37. Rh3 Qe8 38. Kf1 Qa4 39. Kg2 Qd1 40. Rh1 Qa4 41. Bxh6 Qxa7 42. Be3 Qe7 43. h6 g6 44. h7 Be5 45. Qe4 Bg7 46. d6 Qe8 47. d7 Qb8 48. Rc1 1-0

[Event "11th Norway Chess"]
[Site "Stavanger NOR"]
[Date "2023.06.04"]
[Round "5.5"]
[White "Nodirbek Abdusattorov"]
[Black "Dommaraju Gukesh"]
[Result "1/2-1/2"]
[EventDate "2023.05.30"]
[WhiteElo "2731"]
[BlackElo "2732"]
[PlyCount "74"]

1. d4 Nf6 2. c4 e6 3. Nf3 d5 4. g3 dxc4 5. Bg2 c5 6. Qa4+ Nbd7 7. O-O a6 8. Qxc4 b5 9. Qc2 Bb7 10. Nc3 Rc8 11. dxc5 Bxc5 12. Qb3 Qb6 13. a4 b4 14. a5 Qd8 15. Nb1 O-O 16. Nbd2 h6 17. Rd1 Qe7 18. Ne1 Ne5 19. Bxb7 Qxb7 20. Ndf3 Nfg4 21. Be3 Nxe3 22. fxe3 Qe4 23. Ng2 Nxf3+ 24. exf3 Qxf3 25. Qd3 Rfd8 26. Qxd8+ Rxd8 27. Rxd8+ Kh7 28. Rd3 Qe2 29. Rd7 Qxb2 30. Rad1 b3 31. Rxf7 Qc2 32. Rdf1 b2 33. Rb7 Qe2 34. Rf2 Qd1+ 35. Rf1 Qe2 36. Rb3 Qc2 37. Rb7 1/2-1/2

[Event "11th Norway Chess"]
[Site "Stavanger NOR"]
[Date "2023.06.03"]
[Round "4.1"]
[White "Dommaraju Gukesh"]
[Black "Magnus Carlsen"]
[Result "1/2-1/2"]
[EventDate "2023.05.30"]
[WhiteElo "2732"]
[BlackElo "2853"]
[PlyCount "164"]

1. e4 e5 2. Nf3 Nc6 3. Bc4 Nf6 4. d3 Bc5 5. c3 d6 6. Bg5 h6 7. Bh4 a5 8. O-O Bd7 9. Na3 Bxa3 10. bxa3 O-O 11. Rb1 Rb8 12. Bb5 Be6 13. d4 Bg4 14. Bxc6 bxc6 15. dxe5 Bxf3 16. Rxb8 Qxb8 17. Qxf3 Nd7 18. exd6 cxd6 19. Qe2 Re8 20. Bg3 Nf6 21. f3 Nh5 22. Bf2 d5 23. Qa6 dxe4 24. fxe4 Nf6 25. Qxc6 Nxe4 26. Be3 Ng3 27. Re1 Re6 28. Qd5 Qe8 29. hxg3 Rxe3 30. Rxe3 Qxe3+ 31. Kh2 Qxc3 32. Qd8+ Kh7 33. Qd7 f6 34. Qf5+ Kh8 35. a4 Qe5 36. Qc8+ Kh7 37. Qc2+ Kg8 38. Qc4+ Kf8 39. Qc8+ Kf7 40. Qd7+ Kg6 41. Qd3+ Qf5 42. Qb5 h5 43. Qe8+ Kh7 44. Qb5 Qe5 45. Kh3 Kh6 46. Kh2 g5 47. Kh3 Qe1 48. Kh2 h4 49. gxh4 Qxh4+ 50. Kg1 Qe1+ 51. Kh2 g4 52. Qc6 Kg5 53. Qb6 Qd2 54. Qc5+ Kg6 55. Kg3 f5 56. Qe5 Qd3+ 57. Kh2 Qd8 58. Kg3 Qd3+ 59. Kh2 Qe4 60. Qxa5 Qf4+ 61. Kg1 Qd4+ 62. Kh2 Qf4+ 63. Kg1 g3 64. Qe1 Qd4+ 65. Kf1 Qf4+ 66. Kg1 Kf7 67. a5 Qd4+ 68. Kf1 f4 69. a6 Qd3+ 70. Kg1 Qh7 71. a7 Qh2+ 72. Kf1 Qh1+ 73. Ke2 Qxg2+ 74. Kd1 Qb7 75. Qe5 g2 76. Qxf4+ Ke6 77. Qe3+ Kd7 78. Qd4+ Kc7 79. Qc5+ Kd7 80. Qd4+ Kc7 81. Qc5+ Kd7 82. Qd4+ 1/2-1/2

[Event "11th Norway Chess"]
[Site "Stavanger NOR"]
[Date "2023.06.01"]
[Round "3.4"]
[White "Shakhriyar Mamedyarov"]
[Black "Dommaraju Gukesh"]
[Result "1/2-1/2"]
[EventDate "2023.05.30"]
[WhiteElo "2738"]
[BlackElo "2732"]
[PlyCount "62"]

1. c4 c5 2. Nf3 Nf6 3. Nc3 Nc6 4. d4 cxd4 5. Nxd4 Qb6 6. e3 e6 7. Be2 Be7 8. O-O O-O 9. b3 d5 10. Nxc6 Qxc6 11. Bf3 Qc7 12. Nb5 Qd7 13. Bb2 dxc4 14. bxc4 a6 15. Nd4 Qc7 16. Rc1 Rd8 17. Qc2 Bd7 18. c5 Rac8 19. c6 bxc6 20. Nxc6 Bxc6 21. Qxc6 Qxc6 22. Rxc6 Rxc6 23. Bxc6 Nd5 24. Rd1 Nb4 25. Rxd8+ Bxd8 26. Bb7 Nxa2 27. Bxa6 Nb4 28. Bc4 Nc6 29. Bb5 Ne7 30. Ba3 g6 31. Bxe7 Bxe7 1/2-1/2

[Event "11th Norway Chess"]
[Site "Stavanger NOR"]
[Date "2023.06.01"]
[Round "3.4"]
[White "Shakhriyar Mamedyarov"]
[Black "Dommaraju Gukesh"]
[Result "0-1"]
[EventDate "2023.05.30"]
[WhiteElo "2738"]
[BlackElo "2732"]
[PlyCount "110"]

1. c4 c5 2. Nf3 Nc6 3. Nc3 e5 4. g3 g6 5. a3 a5 6. h4 h6 7. Bg2 Bg7 8. d3 d6 9. Nd2 Nge7 10. Nf1 Be6 11. Ne3 O-O 12. Ned5 f5 13. f4 Rb8 14. h5 Nd4 15. e3 Ndc6 16. hxg6 Nxg6 17. Qh5 Nce7 18. Bd2 Bf7 19. Qh3 b5 20. Nxe7+ Nxe7 21. e4 bxc4 22. fxe5 dxe5 23. Bxh6 Bg6 24. Bxg7 Kxg7 25. Qh6+ Kf7 26. exf5 Nxf5 27. Rf1 Qxd3 28. Bd5+ Ke7 29. Qxg6 Qe3+ 30. Ne2 Nd4 31. Rf7+ Rxf7 32. Qxf7+ Kd6 33. Bxc4 Rxb2 34. Qd5+ Ke7 35. Qxc5+ Kd7 36. Qd5+ Ke7 37. Qf7+ Kd6 38. Qf6+ Kd7 39. Qg7+ Kd6 40. Qf8+ Kd7 41. Kf1 Rxe2 42. Qf7+ Kd6 43. Qf8+ Kd7 44. Qf7+ Kd6 45. Qf6+ Kc5 46. Ba6 Rb2 47. Qe7+ Kc6 48. Qe8+ Kd6 49. Qd8+ Kc6 50. Qc8+ Kd6 51. Qf8+ Kc6 52. Rd1 Qf3+ 53. Qxf3+ Nxf3 54. Bd3 Nh2+ 55. Ke1 0-1

[Event "TePe Sigeman & Co"]
[Site "Malmo SWE"]
[Date "2023.05.10"]
[Round "7"]
[White "Dommaraju Gukesh"]
[Black "Peter Svidler"]
[Result "1/2-1/2"]
[EventDate "2023.05.04"]
[WhiteElo "2730"]
[BlackElo "2683"]
[PlyCount "84"]

1. d4 Nf6 2. c4 g6 3. f3 Nc6 4. d5 Ne5 5. e4 d6 6. Nc3 Bg7 7. f4 Ned7 8. Be3 O-O 9. Be2 Qe8 10. Nh3 e6 11. dxe6 Qxe6 12. Qc2 Re8 13. Nf2 Nxe4 14. Ncxe4 f5 15. O-O-O Nc5 16. Bxc5 dxc5 17. Nc3 Qe3+ 18. Rd2 Qxf2 19. Bf3 Qh4 20. Nd5 c6 21. Nc7 Re1+ 22. Rxe1 Qxe1+ 23. Bd1 Rb8 24. Rd8+ Kf7 25. Ne8 Qe3+ 26. Kb1 Bf8 27. g3 Be7 28. Nd6+ Bxd6 29. Rxd6 Be6 30. b3 b5 31. Be2 b4 32. Qd1 Re8 33. Bf3 Bc8 34. Rxc6 Qc3 35. Rc7+ Kg8 36. Be2 Qe3 37. Qd5+ Be6 38. Qd3 Qg1+ 39. Bd1 Bf7 40. Qd7 Re7 41. Rc8+ Kg7 42. Qxe7 1/2-1/2

[Event "TePe Sigeman & Co"]
[Site "Malmo SWE"]
[Date "2023.05.09"]
[Round "6"]
[White "Boris Gelfand"]
[Black "Dommaraju Gukesh"]
[Result "1/2-1/2"]
[EventDate "2023.05.04"]
[WhiteElo "2678"]
[BlackElo "2730"]
[PlyCount "82"]

1. d4 d5 2. c4 c6 3. Nf3 Nf6 4. Nc3 dxc4 5. a4 Bf5 6. Ne5 Nbd7 7. Nxc4 Qc7 8. g3 e5 9. dxe5 Nxe5 10. Bf4 Nfd7 11. a5 O-O-O 12. Ne3 Nc5 13. Ncd5 Ne6 14. Bg2 Nxf4 15. gxf4 cxd5 16. Nxf5 Bb4+ 17. Kf1 Nc4 18. a6 Qxf4 19. axb7+ Kb8 20. Qd4 Qxd4 21. Nxd4 Kxb7 22. Nc2 Be7 23. Rd1 Nxb2 24. Rb1 Bf6 25. Nb4 a5 26. Nd3 Ka6 27. Nxb2 Rb8 28. Bxd5 Bxb2 29. Bxf7 a4 30. Rg1 Bf6 31. Rxb8 Rxb8 32. Rg3 Ka5 33. Re3 Rf8 34. Bd5 Rd8 35. Bf7 Ra8 36. Re8 Ra7 37. Bg8 a3 38. Rc8 Kb4 39. Ba2 Rd7 40. Rb8+ Kc5 41. Rc8+ Kb6 1/2-1/2

[Event "TePe Sigeman & Co"]
[Site "Malmo SWE"]
[Date "2023.05.06"]
[Round "3"]
[White "Nils Grandelius"]
[Black "Dommaraju Gukesh"]
[Result "1/2-1/2"]
[EventDate "2023.05.04"]
[WhiteElo "2660"]
[BlackElo "2730"]
[PlyCount "46"]

1. e4 e5 2. Nf3 Nc6 3. Bb5 Nf6 4. O-O Nxe4 5. Re1 Nd6 6. a4 Be7 7. Nc3 a6 8. Bf1 e4 9. Nxe4 Nxe4 10. Rxe4 d5 11. Re1 d4 12. Bd3 Be6 13. Be4 O-O 14. d3 Bd5 15. Bf4 Bb4 16. Bxh7+ Kxh7 17. Ng5+ Kg6 18. Qg4 f5 19. Qg3 Kf6 20. Nh7+ Kf7 21. Ng5+ Kf6 22. Nh7+ Kf7 23. Ng5+ 1/2-1/2

[Event "28th Sigeman & Co"]
[Site "Malmo SWE"]
[Date "2023.05.05"]
[Round "2.2"]
[White "Dommaraju Gukesh"]
[Black "Vincent Keymer"]
[Result "1-0"]
[EventDate "2023.05.04"]
[WhiteElo "2730"]
[BlackElo "2700"]
[PlyCount "70"]

1. e4 e5 2. Nf3 Nc6 3. Bb5 a6 4. Ba4 Nf6 5. O-O Bc5 6. c3 b5 7. Bb3 d6 8. d4 Bb6 9. Be3 O-O 10. Nbd2 Re8 11. h3 h6 12. Qe2 Rb8 13. Rad1 Bd7 14. Bc2 Qc8 15. Rfe1 Qb7 16. a3 a5 17. Nf1 a4 18. Ng3 Na5 19. Nh4 Nc4 20. Bc1 d5 21. Qf3 Nd6 22. Bxh6 dxe4 23. Qe3 gxh6 24. Qxh6 Re6 25. Ngf5 Nfe8 26. Qg5+ Kf8 27. Qh5 Nxf5 28. Nxf5 Rg6 29. Bxe4 Qa7 30. Qh8+ Rg8 31. Qh6+ Ng7 32. Nxg7 Rxg7 33. Re3 Bg4 34. Rg3 Bxd4 35. Rxg4 1-0

[Event "WR Chess Masters"]
[Site "Duesseldorf GER"]
[Date "2023.02.25"]
[Round "1.1"]
[White "Levon Aronian"]
[Black "Dommaraju Gukesh"]
[Result "1-0"]
[EventDate "2023.02.16"]
[WhiteElo "2736"]
[BlackElo "2718"]
[PlyCount "90"]

1. d4 d5 2. Nf3 Nf6 3. c4 e6 4. Nc3 Bb4 5. cxd5 exd5 6. Bg5 h6 7. Bh4 O-O 8. e3 Bf5 9. Qb3 Bxc3+ 10. Qxc3 g5 11. Bg3 Ne4 12. Qa3 Nc6 13. Nd2 a5 14. Nxe4 Bxe4 15. f3 Bg6 16. Bd3 Bxd3 17. Qxd3 Qd7 18. O-O Ne7 19. e4 c6 20. e5 Qf5 21. Qb3 b5 22. Rac1 Rac8 23. Qa3 Ng6 24. Qxa5 h5 25. Qd2 h4 26. Bf2 f6 27. exf6 Rxf6 28. h3 Re6 29. Rfe1 Rce8 30. Rxe6 Rxe6 31. Be3 Nf4 32. Bxf4 gxf4 33. Re1 Rxe1+ 34. Qxe1 Qf6 35. Qd2 Qd6 36. Kf1 Kg7 37. b3 b4 38. Qe1 Qg6 39. Kg1 Qc2 40. Qxb4 Qxa2 41. Qb7+ Kg8 42. Qb8+ Kg7 43. Qc7+ Kg8 44. Qd8+ Kg7 45. Qg5+ 1-0

[Event "WR Chess Masters"]
[Site "Duesseldorf GER"]
[Date "2023.02.25"]
[Round "3.1"]
[White "Dommaraju Gukesh"]
[Black "Ian Nepomniachtchi"]
[Result "1-0"]
[EventDate "2023.02.16"]
[WhiteElo "2718"]
[BlackElo "2793"]
[PlyCount "124"]

1. d4 Nf6 2. c4 e6 3. Nf3 d5 4. Nc3 Be7 5. cxd5 exd5 6. Bf4 c6 7. e3 Bf5 8. Nh4 Bg4 9. Qc2 Nh5 10. h3 Be6 11. Nf3 Nxf4 12. exf4 Bd6 13. g3 Qf6 14. Bd3 g6 15. O-O-O Nd7 16. Ne5 Nb6 17. Kb1 O-O-O 18. Nb5 Kb8 19. Nxd6 Rxd6 20. b3 Nc8 21. h4 Rdd8 22. Rc1 Nd6 23. Rhe1 Rc8 24. Qd2 Rhd8 25. f3 Bf5 26. Bxf5 Qxf5+ 27. Ka1 Rc7 28. Nd3 Qf6 29. Re5 Nf5 30. Qf2 Qd6 31. g4 Ng7 32. Rce1 b6 33. h5 f6 34. R5e2 gxh5 35. f5 Kb7 36. Kb2 a5 37. a4 Rdd7 38. Qh2 Qxh2 39. Rxh2 hxg4 40. fxg4 h5 41. gxh5 Nxf5 42. Rf1 Nxd4 43. Rxf6 Rh7 44. h6 Rce7 45. Kc3 Ne2+ 46. Kd2 Ng3 47. Kc2 Ne4 48. Rg6 Rhf7 49. Rhg2 Nf6 50. Rf2 Ne4 51. Rxf7 Rxf7 52. Ne5 Rf2+ 53. Kd3 Rh2 54. Rg7+ Ka6 55. h7 Nf6 56. Nxc6 b5 57. Rg6 Nxh7 58. Nd8+ Ka7 59. axb5 Nf8 60. b6+ Ka6 61. b7+ Ka7 62. Ra6+ 1-0

[Event "WR Chess Masters"]
[Site "Duesseldorf GER"]
[Date "2023.02.25"]
[Round "4.1"]
[White "Dommaraju Gukesh"]
[Black "Levon Aronian"]
[Result "0-1"]
[EventDate "2023.02.16"]
[WhiteElo "2718"]
[BlackElo "2736"]
[PlyCount "184"]

1. e4 e5 2. Nf3 Nc6 3. Bb5 Nf6 4. d3 Bc5 5. Bg5 h6 6. Bh4 Ne7 7. Bxf6 gxf6 8. d4 exd4 9. Nbd2 c6 10. Bc4 b5 11. Bd3 d6 12. a4 b4 13. Nb3 Bg4 14. Be2 Bxf3 15. Bxf3 a5 16. Nxd4 Qb6 17. c3 bxc3 18. bxc3 Bxd4 19. cxd4 Qb4+ 20. Kf1 Rb8 21. g3 Qb3 22. Kg2 Qxd1 23. Rhxd1 Kd7 24. Bg4+ Kc7 25. Rd3 h5 26. Bd1 Rb4 27. h4 f5 28. exf5 Nxf5 29. d5 c5 30. Rf3 Nd4 31. Rxf7+ Kb6 32. Rd7 c4 33. Rxd6+ Kc5 34. Rd7 Rb2 35. Rc1 Rf8 36. Bxh5 Rfxf2+ 37. Kh3 Nf5 38. Kg4 Ne3+ 39. Kg5 Rf5+ 40. Kg6 Rg2 41. g4 Rxd5 42. Rc7+ Kd6 43. R7xc4 Nxc4 44. Rxc4 Rb2 45. g5 Rb4 46. Be2 Rxc4 47. Bxc4 Rd4 48. Bb5 Rxh4 49. Kg7 Ke7 50. g6 Rb4 51. Bc6 Rc4 52. Bb5 Rc7 53. Bd3 Ke6+ 54. Kf8 Kf6 55. Ke8 Rc1 56. Bb5 Rd1 57. Bd7 Kxg6 58. Kd8 Rc1 59. Bb5 Kf6 60. Kd7 Ke5 61. Bc6 Kd4 62. Kd6 Kc4 63. Bb5+ Kb4 64. Kd5 Rd1+ 65. Ke4 Kc3 66. Ke5 Rd4 67. Be8 Rh4 68. Bb5 Rh5+ 69. Ke4 Rc5 70. Bd7 Kb4 71. Bb5 Rc1 72. Kd3 Rd1+ 73. Kc2 Rd8 74. Kb2 Rd2+ 75. Kc1 Kc3 76. Kb1 Rb2+ 77. Kc1 Rb4 78. Kd1 Rb2 79. Kc1 Rd2 80. Kb1 Kb3 81. Kc1 Rd8 82. Be2 Kxa4 83. Kb1 Kb3 84. Bg4 Rd6 85. Bh5 Rf6 86. Bd1+ Ka3 87. Bh5 Rb6+ 88. Kc2 Rb2+ 89. Kc1 Rb4 90. Bf7 Ka4 91. Be8+ Kb3 92. Bf7+ Kc3 0-1

[Event "Speed Chess"]
[Site "Chess.com INT"]
[Date "2022.12.07"]
[Round "1.35"]
[White "Dommaraju Gukesh"]
[Black "Magnus Carlsen"]
[Result "0-1"]
[EventDate "2022.11.23"]
[WhiteElo "2725"]
[BlackElo "2859"]
[Source "CBM 211 Extra; ChessBase; 2023.01.31"]
[PlyCount "62"]

1. e4 Nf6 2. e5 Nd5 3. c4 Nb6 4. d4 d6 5. f4 g5 6. Nc3 Bg7 7. Nf3 gxf4 8. Bxf4 Nc6 9. Qe2 dxe5 10. dxe5 Bg4 11. Rd1 Qc8 12. Qe4 Qf5 13. Qxf5 Bxf5 14. Nb5 Rc8 15. e6 O-O 16. Nxc7 Bxb2 17. Be2 fxe6 18. Nb5 Bc2 19. Rd2 Rxf4 20. Rxc2 Bg7 21. O-O a6 22. Na3 Nb4 23. Rd2 Bc3 24. Rdd1 Nxa2 25. Nc2 Nxc4 26. Ng5 Rxf1+ 27. Bxf1 Nb2 28. Ra1 Bf6 29. Rxa2 Rxc2 30. Nxe6 Rc1 31. Kf2 Nd1+ 0-1

[Event "14th Gijon Closed"]
[Site "Gijon ESP"]
[Date "2022.07.08"]
[Round "9"]
[White "Dommaraju Gukesh"]
[Black "Martinez Duany, Lelys Stanley"]
[Result "1/2-1/2"]
[EventDate "2022.07.03"]
[WhiteElo "2684"]
[BlackElo "2497"]
[Source "365Chess"]
[PlyCount "84"]

1. d4 Nf6 2. c4 d6 3. Nc3 e5 4. Nf3 Nbd7 5. e4 g6 6. Be2 Bg7 7. O-O O-O 8. Be3 h6 9. h3 exd4 10. Nxd4 Re8 11. Qc2 Nc5 12. Bf3 Nh7 13. Bg4 Bxg4 14. hxg4 Qh4 15. Nd5 Ng5 16. f3 c6 17. Bf2 Bxd4 18. Nf6+ Kf8 19. Bxd4 Re7 20. Qd2 Qg3 21. Nh7+ Ke8 22. Nxg5 hxg5 23. Bxc5 dxc5 24. Qxg5 Rd8 25. Qxc5 Rd2 26. Rf2 Red7 27. Raf1 R7d4 28. Qb4 Qf4 29. Qxb7 Kf8 30. Qxa7 Kg8 31. b4 Rd1 32. Qa3 R4d3 33. Qb2 Qe3 34. Kh2 Qh6+ 35. Kg1 Qe3 36. Qc2 R1d2 37. Qb1 Qd4 38. Kh2 Qe5+ 39. f4 Qh8+ 40. Kg1 Qd4 41. Kh2 Qh8+ 42. Kg1 Qd4 1/2-1/2

[Event "14th Gijon Closed"]
[Site "Gijon ESP"]
[Date "2022.07.07"]
[Round "7"]
[White "Dommaraju Gukesh"]
[Black "Delgado Ramirez, Neuris"]
[Result "1-0"]
[EventDate "2022.07.03"]
[WhiteElo "2684"]
[BlackElo "2614"]
[Source "365Chess"]
[PlyCount "70"]

1. d4 Nf6 2. c4 e6 3. Nf3 Bb4+ 4. Nbd2 d5 5. e3 O-O 6. a3 Be7 7. b4 Nbd7 8. Be2 a5 9. b5 c5 10. bxc6 bxc6 11. c5 Qc7 12. Bb2 Ba6 13. Bxa6 Rxa6 14. O-O a4 15. Qc2 Rb8 16. Bc3 Bd8 17. Rab1 Raa8 18. Rxb8 Qxb8 19. Rb1 Qa7 20. Ne1 Ba5 21. Bxa5 Qxa5 22. Nd3 h6 23. Rb4 Qa6 24. Nb1 Rb8 25. Nc3 Rxb4 26. Nxb4 Qc4 27. Nxa4 Qb5 28. Nc3 Qc4 29. Qb2 e5 30. Nxc6 exd4 31. exd4 Nf8 32. h3 Ne6 33. Qb8+ Kh7 34. Qb4 Qa6 35. Ne5 1-0

[Event "14th Gijon Closed"]
[Site "Gijon ESP"]
[Date "2022.07.07"]
[Round "8"]
[White "Tejedor Fuente, Enrique"]
[Black "Dommaraju Gukesh"]
[Result "0-1"]
[EventDate "2022.07.03"]
[WhiteElo "2419"]
[BlackElo "2684"]
[Source "365Chess"]
[PlyCount "78"]

1. d4 Nf6 2. Bf4 d5 3. e3 c5 4. c3 Nc6 5. Nd2 Bf5 6. Ngf3 e6 7. h3 h6 8. Be2 Bd6 9. Bxd6 Qxd6 10. O-O O-O 11. dxc5 Qxc5 12. c4 Rfd8 13. Qa4 Qe7 14. Rac1 e5 15. cxd5 Nxd5 16. Nb3 Ndb4 17. Qb5 Nxa2 18. Rxc6 bxc6 19. Qxe5 Qxe5 20. Nxe5 Nb4 21. Nd4 Be4 22. Rc1 f6 23. Bc4+ Kh7 24. Nf7 Rd7 25. Be6 Re7 26. Nd6 Bg6 27. Bg4 Rd8 28. N6f5 Re5 29. Ng3 h5 30. Bf3 c5 31. Nde2 Nd3 32. Ra1 h4 33. Nf1 Be4 34. Nd2 Bxf3 35. Nxf3 Re7 36. Nxh4 Nxb2 37. Nf5 Re5 38. Ra2 Rxf5 39. Rxb2 0-1

[Event "14th Gijon Closed"]
[Site "Gijon ESP"]
[Date "2022.07.05"]
[Round "4"]
[White "Dommaraju Gukesh"]
[Black "Panelo Munoz, Marcelo"]
[Result "1-0"]
[EventDate "2022.07.03"]
[WhiteElo "2684"]
[BlackElo "2383"]
[Source "365Chess"]
[PlyCount "108"]

1. e4 e5 2. Nf3 Nc6 3. Bb5 a6 4. Ba4 Nf6 5. O-O Be7 6. Re1 b5 7. Bb3 O-O 8. h3 Bb7 9. d3 Na5 10. Nxe5 Nxb3 11. axb3 d5 12. exd5 Qxd5 13. Qf3 Rfb8 14. Nc3 Qxf3 15. Nxf3 Bf8 16. Be3 c5 17. Nd2 Nd5 18. Nxd5 Bxd5 19. Bf4 Rd8 20. g4 h6 21. f3 f6 22. Kf2 Kf7 23. h4 Be7 24. h5 f5 25. gxf5 Bh4+ 26. Bg3 Bf6 27. Rab1 Bb7 28. Ne4 Be7 29. Be5 Bh4+ 30. Ke3 Rd5 31. f4 Re8 32. Rg1 Bf6 33. Bxf6 gxf6 34. Rg6 Rxf5 35. Rxh6 Kg7 36. Rg6+ Kh7 37. Rbg1 Bxe4 38. dxe4 Rxh5 39. R1g3 Rh1 40. Rg7+ Kh8 41. Rg1 Rh2 42. R7g2 Rh3+ 43. Rg3 Rh2 44. Kf3 a5 45. R3g2 Rh4 46. Rd1 c4 47. Rd5 cxb3 48. cxb3 Rh3+ 49. Kg4 Rxb3 50. Rh5+ Kg7 51. Kf5+ Kf7 52. Rh7+ Kf8 53. Kxf6 Rxe4 54. Rh8# 1-0

[Event "14th Gijon Closed"]
[Site "Gijon ESP"]
[Date "2022.07.05"]
[Round "5"]
[White "Alvarez Fernandez, Enrique"]
[Black "Dommaraju Gukesh"]
[Result "0-1"]
[EventDate "2022.07.03"]
[WhiteElo "2329"]
[BlackElo "2684"]
[Source "365Chess"]
[PlyCount "102"]

1. d4 d5 2. Nf3 Nf6 3. c3 Bf5 4. Bf4 e6 5. e3 c5 6. Bxb8 Qxb8 7. Bb5+ Kd8 8. Ne5 Qc7 9. Bd3 Bxd3 10. Qxd3 Bd6 11. Nf3 Ke7 12. Nbd2 Rhd8 13. O-O Kf8 14. h3 Rac8 15. Rfe1 Kg8 16. a4 a6 17. a5 Nd7 18. Qe2 Bf8 19. Ra4 g6 20. Nb3 c4 21. Nbd2 Rb8 22. Ra2 b5 23. axb6 Rxb6 24. Rc1 Rdb8 25. Rc2 f5 26. g3 h6 27. h4 Bd6 28. Kg2 Nf6 29. Qd1 R8b7 30. Qa1 Kg7 31. Qd1 Nd7 32. Qa1 Nb8 33. Nh2 g5 34. Nhf3 Kg6 35. Nf1 Nd7 36. Qc1 Nf6 37. Re2 Ne4 38. Qd1 Qb8 39. Qc2 a5 40. Qc1 Rb5 41. Qc2 Bc7 42. Qc1 Rb3 43. Qc2 a4 44. Qc1 a3 45. Rxa3 Rxa3 46. bxa3 Rb1 47. Qc2 Qb3 48. Qxb3 cxb3 49. N1d2 Rb2 50. Kf1 Nxc3 51. Re1 g4 0-1